Etický kódex finančnej inštitúcie ako súčasť managementu
Etický kódex - jeho funkcia. Etický kódex a finančný sektor. Etický kódex v bankových subjektoch.
Saved in:
| Main Author: | |
|---|---|
| Format: | Book Chapter |
| Language: | Slovak |
| Subjects: | |
| Tags: |
No Tags, Be the first to tag this record!
|
MARC
| LEADER | 00000naa$a2200000$$$4500 | ||
|---|---|---|---|
| 001 | 0096239 | ||
| 005 | 20240502083242.3 | ||
| 041 | 0 | |a slo | |
| 044 | |a CZ | ||
| 245 | 1 | 0 | |a Etický kódex finančnej inštitúcie ako súčasť managementu |c Ctibor Pilch |
| 520 | |a Etický kódex - jeho funkcia. Etický kódex a finančný sektor. Etický kódex v bankových subjektoch. | ||
| 610 | 2 | 0 | |a etika |
| 610 | 2 | 0 | |a kódexy etické |
| 610 | 2 | 0 | |a organizácie finančné |
| 610 | 2 | 0 | |a banky |
| 100 | 1 | |a Pilch, Ctibor, 1957- | |